Autobiography and life / (Record no. 147222)

MARC details
000 -LEADER
campo de control de longitud fija 00619nam a2200169 i 4500
001 - NÚMERO DE CONTROL
campo de control 147222
003 - IDENTIFICADOR DE NÚMERO DE CONTROL
campo de control ES-MaACL
005 - FECHA Y HORA DE LA ÚLTIMA TRANSACCIÓN
campo de control 20230906201904.0
007 - CAMPO FIJO DE DESCRIPCIÓN FÍSICA--INFORMACIÓN GENERAL
campo de control de longitud fija t|
008 - DATOS DE LONGITUD FIJA--INFORMACIÓN GENERAL
campo de control de longitud fija 070924s1912 xxk ||||1| eng d
100 1# - ENTRADA PRINCIPAL--NOMBRE DE PERSONA
Nombre de persona Tyrrell, George.
9 (RLIN) 111809
245 10 - MENCIÓN DEL TÍTULO
Título Autobiography and life /
Mención de responsabilidad, etc. of George Tyrrell.
260 ## - PUBLICACIÓN, DISTRIBUCIÓN, ETC.
Lugar de publicación, distribución, etc. London (Guilford) :
Nombre del editor, distribuidor, etc. [s.n.],
Fecha de publicación, distribución, etc. 1912 (
Fabricante Billing and sons)
300 ## - DESCRIPCIÓN FÍSICA
Extensión 2 v. ;
Dimensiones 23 cm.
505 8# - NOTA DE CONTENIDO CON FORMATO
Nota de contenido con formato Contiene: v.I. Autobiography of George Tyrrell, 1861-1884. Arranged with supplements by M.D. Petre. v. II. Life of George Tyrrell from 1884 to 1909 by M.D. Petre
852 ## - LOCALIZACIÓN
Ubicación ES-MaACL
Número de control de estantería F-11-127-28
Holdings
Estatus retirado Estado de pérdida Estado de daño No para préstamo Biblioteca de origen Biblioteca actual Ubicación en estantería Fecha de adquisición Fuente de adquisición Total de préstamos Signatura topográfica completa Código de barras Visto por última vez Precio de reemplazo Tipo de ítem Koha
        Biblioteca del Ateneo de Madrid Biblioteca del Ateneo de Madrid Sala Pecera Planta 2 17/01/2008     F-11-127-28 1153639 23/02/2023 23/02/2023 Libro impreso